header

The PDMA handbook of new product development (Record no. 52298)

MARC details
000 -LEADER
fixed length control field 01321nam a2200337Ia 4500
245 04 - TITLE STATEMENT
Title The PDMA handbook of new product development
250 ## - EDITION STATEMENT
Edition statement 3rd ed.
260 ## - PUBLICATION, DISTRIBUTION, ETC. (IMPRINT)
Place of publication Hoboken, N.J. :
Name of publisher Wiley,
Year of publication c2013.
300 ## - PHYSICAL DESCRIPTION
Number of Pages xii, 492 p.
500 ## - GENERAL NOTE
General note Includes indexes.
650 #0 - SUBJECT ADDED ENTRY--TOPICAL TERM
Topical Term Product management
Topical Term New products
700 1# - ADDED ENTRY--PERSONAL NAME
Personal name Kahn, Kenneth B.
856 40 - ELECTRONIC LOCATION AND ACCESS
Uniform Resource Identifier http://site.ebrary.com/lib/rucke/Doc?id=10632132

No items available.

© 2026 Rongo University
Contact us: librarian | system librarian | Rongo university